| 000 | 00415nam a2200169Ia 4500 | ||
|---|---|---|---|
| 008 | 221030s9999 xx 000 0 und d | ||
| 020 | _a0070473595 | ||
| 041 | _aEnglish | ||
| 082 |
_a105.23 _bCha |
||
| 100 | _aP. Chandra | ||
| 245 | 0 | _aProjects - Plannings, Analysis, Financing Implementation & Review | |
| 250 | _a5th | ||
| 260 |
_bTMH _aNew Delhi _c2004 |
||
| 300 | _a745 | ||
| 650 | _aManagement | ||
| 942 | _cBK | ||
| 999 |
_c597 _d597 |
||